[Event "Swiss Queens Wed #15"]
[Site "FIDE Online Arena INT"]
[Date "2024.05.08"]
[Round "1"]
[White "Cosman, Andreea Marioara"]
[Black "Wafa, Shahenda"]
[Result "0-1"]
[WhiteElo "2180"]
[BlackElo "2081"]
[PlyCount "88"]
[EventDate "2024.05.08"]
[EventType "swiss (blitz)"]
[EventRounds "11"]
[EventCountry "NET"]
[SourceTitle "CB20_2024"]
[SourceDate "2024.05.16"]
[SourceVersion "1"]
[SourceVersionDate "2024.05.16"]
[SourceQuality "1"]

1. d4 Nf6 2. c4 g6 3. Nc3 Bg7 4. e4 d6 5. f3 0-0 6. Be3 Nbd7 7. Qd2 c5 8. Nge2 cxd4 9. Nxd4 Ne5 10. Be2 Be6 11. Nxe6 fxe6 12. 0-0 Rc8 13. b3 a6 14. Rad1 Qa5 15. Nd5 Qxd2 16. Nxf6+ Bxf6 17. Rxd2 Nc6 18. f4 e5 19. Bg4 Ra8 20. Be6+ Kg7 21. f5 Nd4 22. Bd5 Rab8 23. g4 g5 24. h4 h6 25. hxg5 hxg5 26. Kg2 b5 27. cxb5 axb5 28. Bxd4 exd4 29. Be6 Ra8 30. Rh1 b4 31. Kf3 Be5 32. Rc2 Rh8 33. Rh5 Rh6 34. Ke2 Rxh5 35. gxh5 g4 36. Kf2 g3+ 37. Kg2 d3 38. Rd2 Kh6 39. Bf7 Bf4 40. Rxd3 Rxa2+ 41. Kf3 Rf2+ 42. Kg4 g2 43. Rd1 Be5 44. Kh3 Rf1 0-1

[Event "Swiss Queens Wed #15"]
[Site "FIDE Online Arena INT"]
[Date "2024.05.08"]
[Round "8"]
[White "Pham, Le Thao Nguyen"]
[Black "Cosman, Andreea Marioara"]
[Result "1-0"]
[WhiteElo "2395"]
[BlackElo "2180"]
[PlyCount "103"]
[EventDate "2024.05.08"]
[EventType "swiss (blitz)"]
[EventRounds "11"]
[EventCountry "NET"]
[SourceTitle "CB20_2024"]
[SourceDate "2024.05.16"]
[SourceVersion "1"]
[SourceVersionDate "2024.05.16"]
[SourceQuality "1"]

1. d4 Nf6 2. Nf3 g6 3. c4 c5 4. d5 e6 5. Nc3 exd5 6. cxd5 d6 7. Bf4 Bg7 8. e3 a6 9. a4 0-0 10. Be2 Ne8 11. 0-0 b6 12. Nd2 Nd7 13. Nc4 Ne5 14. Bxe5 Bxe5 15. Qb3 Rb8 16. Na5 Bd7 17. Nc6 Bxc6 18. dxc6 Nc7 19. Nd5 Nxd5 20. Qxd5 Bxb2 21. Rab1 Bf6 22. Bxa6 Qc7 23. Rfd1 Rfd8 24. g3 Bg7 25. h4 h5 26. Rbc1 Bf8 27. Bd3 Kg7 28. Bb5 Re8 29. Rc4 Re5 30. Qf3 Rd8 31. Rd5 Qe7 32. Rf4 f5 33. Rc4 Qf6 34. Rc1 Rc8 35. Rcd1 Rc7 36. Qf4 Be7 37. Qc4 Re4 38. Qa2 Rb4 39. Qd2 Rb2 40. Qd3 Ra2 41. Qc4 Qb2 42. Qf4 Ra1 43. Kg2 Rxd1 44. Rxd1 Qf6 45. Qf3 Qe5 46. Rd5 Qc3 47. Qd1 Rc8 48. Rxd6 Bxd6 49. Qxd6 Rf8 50. c7 Qf6 51. Qd7+ Qf7 52. c8Q 1-0

[Event "Swiss Queens Wed #15"]
[Site "FIDE Online Arena INT"]
[Date "2024.05.08"]
[Round "9"]
[White "Ram, Jwalanthi"]
[Black "Cosman, Andreea Marioara"]
[Result "1-0"]
[WhiteElo "1812"]
[BlackElo "2180"]
[PlyCount "65"]
[EventDate "2024.05.08"]
[EventType "swiss (blitz)"]
[EventRounds "11"]
[EventCountry "NET"]
[SourceTitle "CB20_2024"]
[SourceDate "2024.05.16"]
[SourceVersion "1"]
[SourceVersionDate "2024.05.16"]
[SourceQuality "1"]

1. c4 c5 2. Nc3 Nc6 3. g3 g6 4. Bg2 Bg7 5. e4 d6 6. Nge2 e5 7. 0-0 Nge7 8. d3 0-0 9. Be3 Be6 10. h3 f5 11. f4 Qd7 12. Kh2 fxe4 13. Nxe4 exf4 14. Nxf4 Bf7 15. Qd2 Nf5 16. Ng5 Nxe3 17. Qxe3 Rae8 18. Qd2 Kh8 19. Nxf7+ Rxf7 20. Rae1 Ne5 21. Nd5 Ref8 22. Rxf7 Qxf7 23. Re2 Nf3+ 24. Bxf3 Qxf3 25. Rg2 Bd4 26. Qe2 Qxe2 27. Rxe2 Rf3 28. Rd2 Kg7 29. Kg2 Re3 30. Nxe3 Bxe3 31. Re2 Bd4 32. Re7+ Kf6 33. Rxb7 1-0

[Event "ROM-ch (Women)"]
[Site "Eforie Nord"]
[Date "2024.02.24"]
[Round "1"]
[White "Cosman, Andreea Marioara"]
[Black "Bira, Andrada Paraschiva"]
[Result "1/2-1/2"]
[WhiteElo "2115"]
[BlackElo "1590"]
[PlyCount "139"]
[EventDate "2024.02.24"]
[EventType "swiss"]
[EventRounds "9"]
[EventCountry "ROU"]
[SourceTitle "CB10_2024"]
[SourceDate "2024.03.06"]
[SourceVersion "1"]
[SourceVersionDate "2024.03.06"]
[SourceQuality "1"]

1. Nf3 Nf6 2. d4 e6 3. c4 d5 4. e3 Be7 5. Nbd2 Nbd7 6. b3 c5 7. Bb2 0-0 8. Be2 b6 9. cxd5 Nxd5 10. 0-0 Bb7 11. a3 Rc8 12. dxc5 Nxc5 13. b4 Nd7 14. Nc4 Bf6 15. Bd4 Qe7 16. Rc1 Rfd8 17. Qb3 Bxd4 18. Nxd4 N7f6 19. Rfd1 h6 20. f3 Ne8 21. f4 Qf6 22. Bf3 Ba8 23. Ne5 Rxc1 24. Rxc1 Ne7 25. Bxa8 Rxa8 26. Ndc6 Nxc6 27. Rxc6 Rd8 28. Qc2 Qe7 29. h3 Qb7 30. b5 Qe7 31. Rc8 Qd6 32. Rxd8 Qxd8 33. Qc6 Nd6 34. a4 Kf8 35. Kh2 Ke7 36. Qc3 Kf8 37. Qb4 Kg8 38. Nc6 Qd7 39. e4 Nc8 40. Qc3 Qc7 41. Qd2 Ne7 42. Qd8+ Qxd8 43. Nxd8 Kf8 44. Kg3 Ke8 45. Nb7 Kd7 46. a5 Kc7 47. a6 Nc8 48. e5 Kd7 49. Kf3 Kc7 50. g4 Kd7 51. h4 Kc7 52. Ke4 Kd7 53. f5 Kc7 54. Kf4 Kd7 55. fxe6+ fxe6 56. g5 Ne7 57. gxh6 gxh6 58. Kg4 Ng6 59. Kh5 Nxe5 60. Kxh6 Ke7 61. Kg7 Ng4 62. h5 e5 63. h6 Nxh6 64. Kxh6 e4 65. Nc5 e3 66. Nd3 Kd6 67. Kg5 e2 68. Kf4 e1Q 69. Nxe1 Kc5 70. Ke3 1/2-1/2

[Event "Skopje op"]
[Site "Skopje"]
[Date "2023.12.10"]
[Round "7"]
[White "Cosman, Andreea Marioara"]
[Black "Ucoluk, Umut"]
[Result "1-0"]
[WhiteElo "2120"]
[BlackElo "1681"]
[PlyCount "99"]
[EventDate "2023.12.06"]
[EventType "swiss"]
[EventRounds "9"]
[EventCountry "MKD"]
[SourceTitle "CB50_2023"]
[SourceDate "2023.12.13"]
[SourceVersion "1"]
[SourceVersionDate "2023.12.13"]
[SourceQuality "1"]

1. d4 Nf6 2. c4 e6 3. Nc3 d5 4. cxd5 exd5 5. Bg5 Nbd7 6. e3 Be7 7. Bd3 0-0 8. Nf3 c6 9. Qc2 Re8 10. h3 a5 11. 0-0 h6 12. Bf4 Bf8 13. Rfe1 Nb6 14. Ne5 Be6 15. Bh2 Nfd7 16. f4 Nxe5 17. dxe5 c5 18. f5 Bd7 19. Qf2 f6 20. e6 Bc6 21. Rad1 Qc8 22. Bf4 a4 23. a3 Kh8 24. Qh4 Qd8 25. Be2 Qe7 26. Qg3 Rac8 27. e4 d4 28. Nb5 Bxb5 29. Bxb5 Red8 30. e5 Nd5 31. Bd7 Ra8 32. exf6 Qxf6 33. Be5 Qg5 34. Qf3 Ne3 35. h4 Qxh4 36. f6 Qg5 37. Rxe3 dxe3 38. Bc3 e2 39. Qxe2 gxf6 40. e7 c4 41. exd8Q Rxd8 42. Bh3 Bc5+ 43. Kh1 Rg8 44. Rf1 Rf8 45. Qxc4 Bd6 46. Qe6 Qg3 47. Bxf6+ Rxf6 48. Qxf6+ Kh7 49. Bf5+ Kg8 50. Qg6+ 1-0

[Event "ROM-chT (Women)"]
[Site "Eforie Nord"]
[Date "2023.09.29"]
[Round "7.2"]
[White "Brunello, Marina"]
[Black "Cosman, Andreea Marioara"]
[Result "1-0"]
[WhiteElo "2323"]
[BlackElo "2105"]
[PlyCount "103"]
[EventDate "2023.09.23"]
[EventType "team-tourn"]
[EventRounds "7"]
[EventCountry "ROU"]
[SourceTitle "EXT 2024"]
[Source "ChessBase"]
[SourceDate "2023.10.10"]
[SourceVersion "1"]
[SourceVersionDate "2023.10.10"]
[SourceQuality "1"]
[WhiteTeam "Timisoara Medicina (W)"]
[BlackTeam "Timisoara UVT (W)"]
[WhiteTeamCountry "ROU"]
[BlackTeamCountry "ROU"]

1. e4 e6 2. d4 d5 3. Nc3 Nf6 4. e5 Nfd7 5. f4 c5 6. Nf3 Nc6 7. Be3 cxd4 8. Nxd4 Bc5 9. Qd2 0-0 10. 0-0-0 Nxd4 11. Bxd4 a6 12. h4 b5 13. Rh3 Qb6 14. Rg3 Bxd4 15. Qxd4 Qxd4 16. Rxd4 Rb8 17. a3 f6 18. exf6 Rxf6 19. Be2 Nb6 20. Re3 Bd7 21. g3 Rd8 22. Bf1 Nc8 23. Bh3 Nd6 24. Rd1 a5 25. b3 Kf7 26. Ne2 Ne4 27. Bg2 Nf2 28. Rd4 Bc6 29. Bf3 g6 30. Rd2 Rc8 31. Nd4 Ne4 32. Bxe4 dxe4 33. Rc3 e3 34. Re2 Bd7 35. Rxc8 Bxc8 36. Rxe3 Bd7 37. b4 axb4 38. axb4 Ke7 39. Re5 Rf8 40. Nxb5 Rb8 41. c4 Ra8 42. Kb2 Bxb5 43. Rxb5 Rd8 44. Kc3 Rd1 45. Re5 Rg1 46. Re3 Kd6 47. Kd4 Rd1+ 48. Rd3 Rb1 49. b5 Rc1 50. b6 Rb1 51. c5+ Kc6 52. Rc3 1-0

[Event "Leca da Palmeira 2nd"]
[Site "Leca da Palmeira"]
[Date "2023.08.05"]
[Round "8"]
[White "Cosman, Andreea Marioara"]
[Black "Chaitanya, V."]
[Result "1/2-1/2"]
[WhiteElo "2143"]
[BlackElo "1685"]
[PlyCount "42"]
[EventDate "2023.07.31"]
[EventType "swiss"]
[EventRounds "9"]
[EventCountry "POR"]
[SourceTitle "CBM 215 Extra"]
[Source "ChessBase"]
[SourceDate "2023.09.30"]
[SourceVersion "1"]
[SourceVersionDate "2023.09.30"]
[SourceQuality "1"]

1. d4 Nf6 2. c4 g6 3. Nc3 Bg7 4. e4 d6 5. Be2 0-0 6. Be3 e5 7. d5 Ne8 8. Qd2 a5 9. g4 a4 10. h4 Nf6 11. f3 h5 12. g5 Nfd7 13. Nh3 Nc5 14. Kf1 Nba6 15. Kg2 Qe7 16. Rhb1 Bd7 17. b4 axb3 18. axb3 Nb4 19. Na4 Nba6 20. Nc3 Nb4 21. Na4 Nba6 1/2-1/2

[Event "Leca da Palmeira 2nd"]
[Site "Leca da Palmeira"]
[Date "2023.08.01"]
[Round "3"]
[White "Goncalves, Diogo Figueiredo"]
[Black "Cosman, Andreea Marioara"]
[Result "0-1"]
[WhiteElo "1388"]
[BlackElo "2143"]
[PlyCount "90"]
[EventDate "2023.07.31"]
[EventType "swiss"]
[EventRounds "9"]
[EventCountry "POR"]
[SourceTitle "CBM 215 Extra"]
[Source "ChessBase"]
[SourceDate "2023.09.30"]
[SourceVersion "1"]
[SourceVersionDate "2023.09.30"]
[SourceQuality "1"]

1. e4 c5 2. Nf3 d6 3. d4 Nf6 4. Nc3 cxd4 5. Nxd4 Nc6 6. Bg5 e6 7. f4 h6 8. Bh4 Be7 9. Ndb5 a6 10. Bxf6 gxf6 11. Nd4 Qb6 12. Nxc6 bxc6 13. Qd3 Qxb2 14. Rb1 Qa3 15. Qc4 Bd7 16. Qb4 Qxb4 17. Rxb4 d5 18. Rb6 Bc5 19. Rb3 Bd6 20. g3 Ke7 21. Bg2 Rab8 22. Kd2 Rb4 23. Rhb1 Rhb8 24. Kd3 c5 25. Rxb4 cxb4 26. Ne2 dxe4+ 27. Bxe4 f5 28. Bf3 Bb5+ 29. Kd2 Rd8 30. Ke1 Bc5 31. Rb3 Bc4 32. Rb2 a5 33. Bg2 a4 34. c3 a3 35. Rc2 b3 36. axb3 Bxb3 37. Rc1 a2 38. Nd4 Rxd4 39. cxd4 Bxd4 40. Kd2 a1Q 41. Rxa1 Bxa1 42. Ke3 Kd6 43. Kd3 Kc5 44. Bb7 Bc4+ 45. Ke3 Bd4+ 0-1

[Event "Leca da Palmeira 2nd"]
[Site "Leca da Palmeira"]
[Date "2023.08.01"]
[Round "2"]
[White "Santos, Tomas Afonso Pires"]
[Black "Cosman, Andreea Marioara"]
[Result "1-0"]
[WhiteElo "1729"]
[BlackElo "2143"]
[PlyCount "102"]
[EventDate "2023.07.31"]
[EventType "swiss"]
[EventRounds "9"]
[EventCountry "POR"]
[SourceTitle "CBM 215 Extra"]
[Source "ChessBase"]
[SourceDate "2023.09.30"]
[SourceVersion "1"]
[SourceVersionDate "2023.09.30"]
[SourceQuality "1"]

1. e4 c5 2. Nf3 d6 3. d4 Nf6 4. Nc3 cxd4 5. Nxd4 a6 6. h3 e5 7. Nb3 Be6 8. f4 Qc7 9. f5 Bc4 10. Bxc4 Qxc4 11. Qf3 Nc6 12. Bg5 Be7 13. 0-0-0 Rc8 14. Kb1 b5 15. Bxf6 gxf6 16. Nd5 Nb4 17. Nb6 Qxc2+ 18. Ka1 Rb8 19. Nd5 Nxd5 20. Rc1 Nb4 21. Rxc2 Nxc2+ 22. Kb1 Nd4 23. Nxd4 exd4 24. Qd3 0-0 25. Rc1 Rfc8 26. Qxd4 Rc5 27. b4 Rxc1+ 28. Kxc1 Rc8+ 29. Kd1 Rc4 30. Qa7 Bf8 31. a3 Rxe4 32. Qxa6 Re5 33. a4 bxa4 34. b5 d5 35. b6 Re8 36. Qxa4 Rd8 37. Qc6 Bd6 38. b7 Kg7 39. Qxd6 Rxd6 40. b8Q Rd7 41. Qg3+ Kh8 42. Qh4 Kg7 43. Qd4 Rd6 44. Ke2 Rd7 45. Kf3 Rd6 46. Kg4 Rd7 47. Kh5 Rd8 48. Qf4 Kg8 49. Qc7 Ra8 50. Kh6 d4 51. Qe7 d3 1-0

[Event "Famalicao op 10th"]
[Site "Vila Nova de Famalicao"]
[Date "2023.07.26"]
[Round "5"]
[White "Cosman, Andreea Marioara"]
[Black "Paiva, Manuel Maria Fonse"]
[Result "1-0"]
[WhiteElo "2143"]
[BlackElo "1579"]
[PlyCount "113"]
[EventDate "2023.07.24"]
[EventType "swiss"]
[EventRounds "9"]
[EventCountry "POR"]
[SourceTitle "EXT 2024"]
[Source "ChessBase"]
[SourceDate "2023.10.10"]
[SourceVersion "1"]
[SourceVersionDate "2023.10.10"]
[SourceQuality "1"]

1. d4 d5 2. c4 e6 3. Nc3 Be7 4. cxd5 exd5 5. Nf3 c6 6. Bf4 Bf5 7. e3 Nf6 8. Be2 Ne4 9. 0-0 Nd7 10. Nxe4 dxe4 11. Nd2 0-0 12. Qc2 Nf6 13. a3 a5 14. Rfd1 Re8 15. Nc4 Be6 16. b3 Nd5 17. Qxe4 Nc3 18. Qd3 Nxd1 19. Rxd1 a4 20. b4 Bxc4 21. Qxc4 Bd6 22. Bxd6 Qxd6 23. Bf3 Qf6 24. b5 Re6 25. bxc6 bxc6 26. Rc1 Rd6 27. h3 g6 28. Bxc6 Rc8 29. d5 Qb2 30. e4 Qxa3 31. Rb1 f6 32. Rb7 Qa1+ 33. Kh2 Qe5+ 34. g3 h5 35. Qxa4 h4 36. Rb3 f5 37. f4 hxg3+ 38. Kxg3 Qxe4 39. Qxe4 fxe4 40. Re3 Rcxc6 41. dxc6 Rxc6 42. Rxe4 Kg7 43. Kg4 Kf6 44. Ra4 Rb6 45. h4 Rc6 46. Ra5 Rb6 47. h5 gxh5+ 48. Rxh5 Rb4 49. Rh6+ Kg7 50. Ra6 Rb1 51. Kg5 Rg1+ 52. Kf5 Rd1 53. Ra7+ Kf8 54. Ke6 Rd8 55. f5 Rb8 56. f6 Rb6+ 57. Kf5 1-0

[Event "Famalicao op 10th"]
[Site "Vila Nova de Famalicao"]
[Date "2023.07.24"]
[Round "1"]
[White "Vale, Pedro"]
[Black "Cosman, Andreea Marioara"]
[Result "0-1"]
[WhiteElo "1230"]
[BlackElo "2143"]
[PlyCount "61"]
[EventDate "2023.07.24"]
[EventType "swiss"]
[EventRounds "9"]
[EventCountry "POR"]
[SourceTitle "EXT 2024"]
[Source "ChessBase"]
[SourceDate "2023.10.10"]
[SourceVersion "1"]
[SourceVersionDate "2023.10.10"]
[SourceQuality "1"]

1. e4 c5 2. Nf3 d6 3. d4 Nf6 4. dxc5 Qa5+ 5. Bd2 Qxc5 6. Bd3 g6 7. 0-0 Bg7 8. Nc3 0-0 9. b4 Qc7 10. Rb1 Nbd7 11. Nb5 Qd8 12. c4 Ng4 13. Be2 a6 14. Nc3 Nge5 15. Nxe5 Nxe5 16. Qc1 Be6 17. f4 Nxc4 18. f5 Nxd2 19. Qxd2 Bd7 20. Nd5 Rc8 21. Qg5 Re8 22. f6 exf6 23. Nxf6+ Bxf6 24. Rxf6 Re5 25. Qf4 Rxe4 26. Qxe4 Qxf6 27. Qxb7 Qd4+ 28. Kh1 Bf5 29. Rf1 Rc2 30. Qf3 Rxa2 31. Qb7 0-1

[Event "ROM-ch (Women)"]
[Site "Sebes"]
[Date "2023.02.22"]
[Round "5"]
[White "Cosman, Andreea Marioara"]
[Black "Lolici, Iselin Amanda"]
[Result "1-0"]
[WhiteElo "2187"]
[BlackElo "1847"]
[PlyCount "111"]
[EventDate "2023.02.19"]
[EventType "swiss"]
[EventRounds "9"]
[EventCountry "ROU"]
[SourceTitle "CBM 212 Extra"]
[Source "ChessBase"]
[SourceDate "2023.03.31"]
[SourceVersion "1"]
[SourceVersionDate "2023.03.31"]
[SourceQuality "1"]

1. d4 d5 2. c4 dxc4 3. Nf3 Nf6 4. e3 c5 5. Bxc4 e6 6. 0-0 cxd4 7. Nxd4 a6 8. b3 Be7 9. Bb2 b5 10. Be2 Bb7 11. Nd2 0-0 12. a4 bxa4 13. Rxa4 Nbd7 14. Bf3 Nd5 15. Nc4 Nc5 16. Ra1 Rb8 17. Na5 Qb6 18. Nxb7 Rxb7 19. Bxd5 exd5 20. Nf5 Bf6 21. Bxf6 Qxf6 22. Qxd5 Qb6 23. Rab1 Rd8 24. Qc4 Ne6 25. h3 Qb5 26. Qxb5 Rxb5 27. g4 Rdb8 28. Rfc1 g6 29. Ne7+ Kf8 30. Nc6 R8b6 31. Rc3 Rc5 32. Rxc5 Nxc5 33. Nd4 a5 34. Ra1 Nxb3 35. Nxb3 Rxb3 36. Rxa5 Kg7 37. Kg2 Rc3 38. Kg3 Rb3 39. h4 h6 40. h5 g5 41. Kf3 Rb2 42. Ra3 Rc2 43. Kg3 Rc1 44. f4 gxf4+ 45. exf4 Rg1+ 46. Kf3 Kf6 47. Ra6+ Kg7 48. Rb6 f5 49. g5 Rf1+ 50. Kg3 hxg5 51. h6+ Kh7 52. fxg5 Rg1+ 53. Kf4 Rf1+ 54. Ke5 f4 55. Rb7+ Kg6 56. Rg7+ 1-0

[Event "SRB-chT (Women)"]
[Site "Custica"]
[Date "2022.10.25"]
[Round "4.3"]
[White "Cosman, Andreea Marioara"]
[Black "Vujcic, Milena"]
[Result "0-1"]
[WhiteElo "2186"]
[BlackElo "2029"]
[PlyCount "98"]
[EventDate "2022.10.22"]
[EventType "team-tourn"]
[EventRounds "11"]
[EventCountry "SRB"]
[SourceTitle "EXT 2024"]
[Source "ChessBase"]
[SourceDate "2023.10.10"]
[SourceVersion "1"]
[SourceVersionDate "2023.10.10"]
[SourceQuality "1"]
[WhiteTeam "Belgrade Partizan (W)"]
[BlackTeam "Goracici Jelica (W)"]
[WhiteTeamCountry "SRB"]
[BlackTeamCountry "SRB"]

1. d4 Nf6 2. c4 g6 3. Nc3 Bg7 4. e4 d6 5. f3 0-0 6. Be3 c5 7. Nge2 Nc6 8. d5 Ne5 9. Ng3 e6 10. Be2 exd5 11. cxd5 a6 12. a4 h5 13. 0-0 Nh7 14. Qd2 h4 15. Nh1 f5 16. Nf2 Re8 17. Kh1 Rb8 18. exf5 gxf5 19. f4 Nf7 20. Nh3 Qe7 21. Bf2 b5 22. Bh5 Bd7 23. Ng5 Nfxg5 24. fxg5 b4 25. Nd1 Nxg5 26. Bxh4 Bf6 27. Bxe8 Rxe8 28. Bxg5 Bxg5 29. Qd3 Qe2 30. Nf2 Re3 31. Qxe2 Rxe2 32. b3 c4 33. bxc4 b3 34. Nd3 b2 35. Rab1 Bf6 36. c5 Bxa4 37. c6 Rd2 38. Nb4 a5 39. c7 Bd7 40. Nc6 a4 41. g4 a3 42. Nb4 Rd4 43. Na2 Rxd5 44. Rfd1 Rxd1+ 45. Rxd1 fxg4 46. Kg2 d5 47. Nb4 Be5 48. Nxd5 Bxc7 49. Nb4 Bf5 0-1

[Event "SRB-chT (Women)"]
[Site "Custica"]
[Date "2022.10.24"]
[Round "3.4"]
[White "Petronic, Sanja"]
[Black "Cosman, Andreea Marioara"]
[Result "1/2-1/2"]
[WhiteElo "2165"]
[BlackElo "2186"]
[PlyCount "64"]
[EventDate "2022.10.22"]
[EventType "team-tourn"]
[EventRounds "11"]
[EventCountry "SRB"]
[SourceTitle "EXT 2024"]
[Source "ChessBase"]
[SourceDate "2023.10.10"]
[SourceVersion "1"]
[SourceVersionDate "2023.10.10"]
[SourceQuality "1"]
[WhiteTeam "Nova Varos Zlatar (W)"]
[BlackTeam "Belgrade Partizan (W)"]
[WhiteTeamCountry "SRB"]
[BlackTeamCountry "SRB"]

1. e4 c5 2. Nc3 d6 3. f4 g6 4. Nf3 Bg7 5. Bc4 Nc6 6. 0-0 e6 7. f5 Nf6 8. fxe6 Bxe6 9. d3 0-0 10. Bg5 h6 11. Bh4 Bg4 12. Qd2 Bxf3 13. gxf3 Nxe4 14. fxe4 Qxh4 15. Kh1 Ne5 16. Bd5 Ng4 17. Rae1 Be5 18. Re2 Qh3 19. Rg1 Bd4 20. Rgg2 Qf3 21. Qc1 Ne3 22. Ref2 Qh5 23. Rg3 Ng4 24. Re2 Kh8 25. Rxg4 Bxc3 26. bxc3 Qxg4 27. Qxh6+ Kg8 28. Rg2 Qd1+ 29. Rg1 Qf3+ 30. Rg2 Qf1+ 31. Rg1 Qf3+ 32. Rg2 Qf1+ 1/2-1/2

[Event "SRB-chT (Women)"]
[Site "Custica"]
[Date "2022.10.22"]
[Round "1.3"]
[White "Mihajlovic, Milena"]
[Black "Cosman, Andreea Marioara"]
[Result "0-1"]
[WhiteElo "2093"]
[BlackElo "2186"]
[PlyCount "78"]
[EventDate "2022.10.22"]
[EventType "team-tourn"]
[EventRounds "11"]
[EventCountry "SRB"]
[SourceTitle "EXT 2024"]
[Source "ChessBase"]
[SourceDate "2023.10.10"]
[SourceVersion "1"]
[SourceVersionDate "2023.10.10"]
[SourceQuality "1"]
[WhiteTeam "Kostolac Rudar (W)"]
[BlackTeam "Belgrade Partizan (W)"]
[WhiteTeamCountry "SRB"]
[BlackTeamCountry "SRB"]

1. Nf3 c5 2. g3 g6 3. Bg2 Bg7 4. 0-0 Nc6 5. d3 d6 6. e4 e5 7. Nc3 Nge7 8. Bg5 h6 9. Be3 0-0 10. Qd2 Kh7 11. Nh4 Rb8 12. a4 Be6 13. f4 exf4 14. gxf4 f5 15. Rad1 Nd4 16. Kh1 Nec6 17. Qf2 Bf6 18. Nf3 Nxf3 19. Bxf3 Nd4 20. Bg2 Qd7 21. b3 a6 22. Nd5 Bxd5 23. exd5 b5 24. axb5 axb5 25. b4 Qe7 26. Rfe1 Qd8 27. Rg1 Re8 28. c3 Bh4 29. Qa2 Rxe3 30. cxd4 cxb4 31. Qb3 Bf2 32. Rgf1 Qh4 33. Qc2 Bg3 34. Bh3 Rbe8 35. hxg3 Rxg3 36. Rf2 Rxh3+ 37. Rh2 Re1+ 38. Rxe1 Qxe1+ 39. Kg2 Rg3# 0-1